ARRUPE JESUIT UNIVERSITY

CORONAVIRUS -STOP THE SPREAD - CLEAN,DISINFECT,COVER

The post-colonial studies reader (Record no. 7318)

MARC details
000 -LEADER
fixed length control field 00555nam a2200217Ia 4500
003 - CONTROL NUMBER IDENTIFIER
control field 0100
008 - FIXED-LENGTH DATA ELEMENTS--GENERAL INFORMATION
fixed length control field 130227s9999 xx 000 0 und d
040 ## - CATALOGING SOURCE
Transcribing agency ARRUPELIB
050 ## - LIBRARY OF CONGRESS CALL NUMBER
Classification number PR9080.P57 2005
100 ## - MAIN ENTRY--PERSONAL NAME
Personal name Ashcroft, Bill ; Tiffin, Helen
245 #4 - TITLE STATEMENT
Title The post-colonial studies reader
260 ## - PUBLICATION, DISTRIBUTION, ETC. (IMPRINT)
Place of publication, distribution, etc London and New York
260 ## - PUBLICATION, DISTRIBUTION, ETC. (IMPRINT)
Name of publisher, distributor, etc Routledge
260 ## - PUBLICATION, DISTRIBUTION, ETC. (IMPRINT)
-- 2005
300 ## - PHYSICAL DESCRIPTION
Extent xvi
300 ## - PHYSICAL DESCRIPTION
Other physical details 587p. 25cm.
650 ## - SUBJECT ADDED ENTRY--TOPICAL TERM
Topical term following geographic name as entry element Mysticism
650 ## - SUBJECT ADDED ENTRY--TOPICAL TERM
Location of event Mysticim--Catholic church
650 ## - SUBJECT ADDED ENTRY--TOPICAL TERM
Active dates Wittgenstein, Ludwig, 1889-1951
942 ## - ADDED ENTRY ELEMENTS (KOHA)
Source of classification or shelving scheme Library of Congress Classification
Koha issues (borrowed), all copies 1
Holdings
Withdrawn status Lost status Source of classification or shelving scheme Damaged status Not for loan Collection code Home library Current library Shelving location Date acquired Total Checkouts Full call number Barcode Date last seen Date last borrowed Copy number Price effective from Koha item type
    Library of Congress Classification     Main Collection ARRUPE LIBRARY ARRUPE LIBRARY   27/02/2013 1 PR9080.P57 2005 46409805 04/11/2013 07/10/2013 1 27/02/2013 Monograph ( Printed materials)

 

Arrupe Library. PO Box MP320 Mt Pleasant, Harare, Zimbabwe
263 242 745411|librarian@aju.ac.zw